इलेक्ट्रा / (Record no. 112691)

MARC details
000 -LEADER
fixed length control field 01114nam a22002657a 4500
005 - DATE AND TIME OF LATEST TRANSACTION
control field 20170124102942.0
010 ## - LIBRARY OF CONGRESS CONTROL NUMBER
LC control number A-223519
020 ## - INTERNATIONAL STANDARD BOOK NUMBER
Terms of availability 12.00
035 ## - SYSTEM CONTROL NUMBER
System control number A-223519
037 ## - SOURCE OF ACQUISITION
Source of stock number/acquisition Cen Lib/Ret
040 ## - CATALOGING SOURCE
Original cataloging agency DPL
Language of cataloging HN
082 ## - DEWEY DECIMAL CLASSIFICATION NUMBER
Classification number 822
Item number यूरोपि
100 ## - MAIN ENTRY--PERSONAL NAME
Personal name यूरोपिटिक्स कृत
9 (RLIN) 48753
245 ## - TITLE STATEMENT
Title इलेक्ट्रा /
Statement of responsibility, etc यूरोपिटिक्स कृत; अनुवादक रामेश्वर प्रेम
246 ## - VARYING FORM OF TITLE
Title proper/short title Electra /
Remainder of title by Euoropitiks krit; anuvaad rameshwar prem
260 ## - PUBLICATION, DISTRIBUTION, ETC. (IMPRINT)
Place of publication, distribution, etc दिल्ली
Name of publisher, distributor, etc किताबघर
Date of publication, distribution, etc 1984
270 ## - ADDRESS
Address गाँधी नगर
City दिल्ली
Postal code 110031
300 ## - PHYSICAL DESCRIPTION
Extent 72पृ.
Dimensions 18सेमी(सजिल्द)
650 ## - SUBJECT ADDED ENTRY--TOPICAL TERM
Topical term or geographic name as entry element हिंदी साहित्य
9 (RLIN) 48754
650 ## - SUBJECT ADDED ENTRY--TOPICAL TERM
Topical term or geographic name as entry element हिंदी साहित्य -- नाटक
9 (RLIN) 48755
650 ## - SUBJECT ADDED ENTRY--TOPICAL TERM
Topical term or geographic name as entry element Hindi literature
9 (RLIN) 48756
650 ## - SUBJECT ADDED ENTRY--TOPICAL TERM
Topical term or geographic name as entry element Hindi literature -- Drama
9 (RLIN) 48757
700 ## - ADDED ENTRY--PERSONAL NAME
Personal name प्रेम, रामेश्वर
9 (RLIN) 48758
942 ## - ADDED ENTRY ELEMENTS (KOHA)
Source of classification or shelving scheme Dewey Decimal Classification
Koha item type Hindi Books
Classification part 822
Call number suffix यूरोपि
Holdings
Withdrawn status Lost status Damaged status Not for loan Home library Current library Date acquired Source of acquisition Cost, normal purchase price Total Checkouts Full call number Barcode Date last seen Copy number Cost, replacement price Price effective from Koha item type
        Central Library Central Library 10/08/2015 Cen Lib/Ret 12.00   822 यूरोपि A-223519 10/08/2015 1 12.00 10/08/2015 Hindi Books

© Delhi Public Library
Hit Counter
free hit counter